[Event "34th ECC Women 2018"]
[Site "Porto Carras GRE"]
[Date "2018.10.12"]
[Round "1.1"]
[Board "1"]
[White "Grapsa, Georgia"]
[Black "Ushenina, Anna"]
[Result "0-1"]
[WhiteTitle "WFM"]
[BlackTitle "GM"]
[WhiteElo "2085"]
[BlackElo "2451"]
[WhiteTeam "AMO Galaxias Thessaloniki"]
[BlackTeam "Ugra"]
[WhiteFideId "4206436"]
[BlackFideId "14110911"]
[EventDate "2018.10.12"]

1. d4 d5 2. Nf3 Nf6 3. c4 c6 4. Qc2 dxc4 5. Qxc4 Bf5 6. Nc3 e6 7. g3 Nbd7 8. Bg2
Be7 9. O-O O-O 10. a4 a5 11. Nh4 Bc2 12. e4 Nb6 13. Qe2 Bb3 14. Re1 Qxd4 15. Be3
Qd8 16. e5 Nfd5 17. Ne4 Nxe3 18. Qxe3 Bd5 19. Nf3 Nd7 20. Red1 Qb6 21. Rd4 Qxb2
22. Rad1 Qb6 23. h4 Qc7 24. Qc1 Nxe5 25. Rxd5 exd5 26. Rxd5 Nxf3+ 27. Bxf3 f5
28. Ng5 Bxg5 29. hxg5 Rad8 30. Qc3 Rxd5 31. Bxd5+ Kh8 32. Qc5 Re8 33. Bf3 Qe5
34. Qc4 Rf8 35. g6 f4 36. g4 hxg6 37. Kg2 Kh7 38. Qc1 Rd8 39. Qh1+ Kg8 40. Qh4
g5 0-1

[Event "34th ECC Women 2018"]
[Site "Porto Carras GRE"]
[Date "2018.10.12"]
[Round "1.1"]
[Board "2"]
[White "Pogonina, Natalija"]
[Black "Petraki, Evaggelia"]
[Result "1-0"]
[WhiteTitle "WGM"]
[WhiteElo "2485"]
[BlackElo "1769"]
[WhiteTeam "Ugra"]
[BlackTeam "AMO Galaxias Thessaloniki"]
[WhiteFideId "4147855"]
[BlackFideId "4252756"]
[EventDate "2018.10.12"]

1. d4 Nf6 2. c4 e6 3. Nf3 d5 4. g3 Be7 5. Bg2 O-O 6. O-O dxc4 7. Qc2 c6 8. Qxc4
b5 9. Qc2 Bb7 10. Rd1 Qb6 11. a4 Nd5 12. a5 Qd8 13. e4 Nf6 14. Bg5 Na6 15. Qe2
h6 16. Bf4 Bb4 17. Bd2 Qe7 18. Nc3 Rfd8 19. e5 Nd5 20. Ne4 Ndc7 21. Bxb4 Nxb4
22. Rdc1 Ne8 23. Nc5 a6 24. h4 Qc7 25. h5 Nd5 26. Nd2 Ra7 27. Ndb3 Ba8 28. Rf1
Ne7 29. Rad1 Nf5 30. g4 Nh4 31. Be4 Qe7 32. Bc2 Nc7 33. Qd3 Qg5 34. Qg3 Nd5 35.
f4 Qe7 36. Rf2 Rf8 37. Rh2 Nb4 38. Bb1 g5 39. hxg6 fxg6 40. Rxh4 Kg7 41. f5 1-0

[Event "34th ECC Women 2018"]
[Site "Porto Carras GRE"]
[Date "2018.10.12"]
[Round "1.1"]
[Board "3"]
[White "Lagogianni, Niki Vasiliki"]
[Black "Girya, Olga"]
[Result "0-1"]
[BlackTitle "WGM"]
[WhiteElo "1152"]
[BlackElo "2479"]
[WhiteTeam "AMO Galaxias Thessaloniki"]
[BlackTeam "Ugra"]
[WhiteFideId "25804359"]
[BlackFideId "4195752"]
[EventDate "2018.10.12"]

1. e4 c6 2. d4 d5 3. Nc3 dxe4 4. Nxe4 Bf5 5. Ng3 Bg6 6. Nf3 Nd7 7. Bd3 Bxd3 8.
Qxd3 Qc7 9. O-O e6 10. Re1 Ngf6 11. Bg5 Be7 12. Ne4 Rd8 13. c3 O-O 14. Bxf6 Nxf6
15. Nxf6+ Bxf6 16. Qe3 Qb6 17. Rab1 Rd5 18. Nd2 Rfd8 19. Ne4 Be7 20. b4 Qc7 21.
Qg3 Qxg3 22. hxg3 b6 23. Re2 h5 24. Rd2 f5 25. Nc5 bxc5 26. bxc5 Rxc5 27. Rb7
Bf6 28. Rc2 Rxd4 29. cxd4 Rxc2 30. Rxa7 Bxd4 31. Ra8+ Kh7 32. Re8 Bxf2+ 33. Kh2
Rc3 34. Rxe6 Bxg3+ 0-1

[Event "34th ECC Women 2018"]
[Site "Porto Carras GRE"]
[Date "2018.10.12"]
[Round "1.1"]
[Board "4"]
[White "Kovanova, Baira"]
[Black "Tsivelekidou, Anthoula Elpida"]
[Result "1-0"]
[WhiteTitle "WGM"]
[WhiteElo "2350"]
[BlackElo "1147"]
[WhiteTeam "Ugra"]
[BlackTeam "AMO Galaxias Thessaloniki"]
[WhiteFideId "4164083"]
[BlackFideId "25823272"]
[EventDate "2018.10.12"]

1. Nf3 d5 2. g3 Nf6 3. Bg2 c5 4. O-O Nc6 5. d3 e5 6. Nbd2 Be7 7. e4 d4 8. Nh4
O-O 9. Nf5 Be6 10. h3 Re8 11. Nxe7+ Nxe7 12. f4 Qd6 13. Nf3 Nc6 14. Qe1 exf4 15.
gxf4 Qe7 16. Qh4 Nb4 17. Rf2 Nxa2 18. f5 Nxc1 19. fxe6 fxe6 20. Rxc1 e5 21. Rcf1
Rf8 22. Qg5 Rae8 23. Nh4 b5 24. Nf5 Qd7 25. h4 c4 26. h5 cxd3 27. cxd3 a5 28. h6
g6 29. Ng7 Qg4 30. Qd2 1-0

[Event "34th ECC Women 2018"]
[Site "Porto Carras GRE"]
[Date "2018.10.12"]
[Round "1.2"]
[Board "1"]
[White "Dzagnidze, Nana"]
[Black "Shvayger, Yuliya"]
[Result "1-0"]
[WhiteTitle "GM"]
[BlackTitle "IM"]
[WhiteElo "2509"]
[BlackElo "2375"]
[WhiteTeam "Nona"]
[BlackTeam "Beer Sheva Chess Club"]
[WhiteFideId "13601903"]
[BlackFideId "14100126"]
[EventDate "2018.10.12"]

1. Nf3 Nf6 2. c4 g6 3. b3 Bg7 4. Bb2 O-O 5. g3 b6 6. Bg2 Bb7 7. d4 e6 8. O-O d6
9. Nc3 Ne4 10. Qc2 Nxc3 11. Bxc3 f5 12. Ne1 Bxg2 13. Nxg2 c5 14. Nf4 Qe7 15. d5
Bxc3 16. Qxc3 e5 17. Ne6 Rc8 18. f4 Nc6 19. fxe5 dxe5 20. e4 Nd4 21. Rae1 fxe4
22. Rxe4 Qd6 23. Qe3 Nxe6 24. Rf6 Rf8 25. Rxe6 Qd7 26. R4xe5 b5 27. cxb5 Qxb5
28. Qe2 Qb4 29. Qd3 Qg4 30. d6 Rad8 31. Kg2 Rd7 32. Qd5 Rdf7 33. Re7 Kg7 34. d7
Rxe7 35. Rxe7+ 1-0

[Event "34th ECC Women 2018"]
[Site "Porto Carras GRE"]
[Date "2018.10.12"]
[Round "1.2"]
[Board "2"]
[White "Klinova, Masha"]
[Black "Javakhishvili, Lela"]
[Result "1/2-1/2"]
[WhiteTitle "IM"]
[BlackTitle "IM"]
[WhiteElo "2288"]
[BlackElo "2475"]
[WhiteTeam "Beer Sheva Chess Club"]
[BlackTeam "Nona"]
[WhiteFideId "2802015"]
[BlackFideId "13601458"]
[EventDate "2018.10.12"]

1. e4 c5 2. Nf3 e6 3. c4 Nc6 4. Nc3 Nd4 5. d3 Ne7 6. Nxd4 cxd4 7. Ne2 Nc6 8. a3
b5 9. Ng3 Rb8 10. Be2 g6 11. O-O bxc4 12. dxc4 Bg7 13. Bd3 a5 14. f4 O-O 15. Rb1
Ba6 16. b3 Qe7 17. Rf2 Rb6 18. e5 d6 19. c5 dxc5 20. Bxa6 Rxa6 21. Ne4 Rd8 22.
Qd3 Rb6 23. Rc2 Rd5 24. Bd2 Nd8 25. Bxa5 c4 26. Rxc4 Rxa5 27. b4 Rd5 28. Rxd4
Qd7 29. Rd1 Rxd4 30. Qxd4 Qxd4+ 31. Rxd4 Nc6 32. Rd7 Rb8 33. Kf2 Bf8 34. Ke3 Ne7
35. Nf6+ Kg7 36. g4 Ra8 37. Rd3 Nd5+ 38. Nxd5 exd5 39. g5 h6 40. h4 Be7 41. Kd4
hxg5 42. hxg5 Kf8 43. Rh3 Ke8 44. Kxd5 Kd7 45. Rd3 Kc7 46. Rc3+ Kd7 47. Rd3 Kc7
48. Rc3+ 1/2-1/2

[Event "34th ECC Women 2018"]
[Site "Porto Carras GRE"]
[Date "2018.10.12"]
[Round "1.2"]
[Board "3"]
[White "Khotenashvili, Bela"]
[Black "Kumanska, Olena"]
[Result "1-0"]
[WhiteTitle "GM"]
[BlackTitle "WFM"]
[WhiteElo "2469"]
[BlackElo "2054"]
[WhiteTeam "Nona"]
[BlackTeam "Beer Sheva Chess Club"]
[WhiteFideId "13602640"]
[BlackFideId "14124360"]
[EventDate "2018.10.12"]

1. Nf3 Nf6 2. c4 e6 3. g3 b6 4. Bg2 Bb7 5. O-O Be7 6. Nc3 O-O 7. Re1 Ne4 8. Nxe4
Bxe4 9. d3 Bb7 10. e4 d6 11. d4 c5 12. d5 e5 13. Be3 a6 14. Qd3 Nd7 15. a3 Qc7
16. Nd2 Rfb8 17. Rec1 Bc8 18. f4 Qd8 19. Rab1 f6 20. b4 Nf8 21. Bf3 exf4 22.
gxf4 Ng6 23. Kh1 Qd7 24. Rg1 cxb4 25. axb4 a5 26. b5 a4 27. Ra1 Bf8 28. Bd1 f5
29. Rxa4 Rxa4 30. Bxa4 Ra8 31. Bc2 fxe4 32. Nxe4 Ra2 33. Ng5 Rxc2 34. Qxc2 Qe8
35. Qe4 Qxe4+ 36. Nxe4 Bf5 37. Nf2 Be7 38. Bxb6 Nxf4 39. Bd4 g6 40. b6 Bc8 41.
Ra1 1-0

[Event "34th ECC Women 2018"]
[Site "Porto Carras GRE"]
[Date "2018.10.12"]
[Round "1.2"]
[Board "4"]
[White "Buzukashvili, Sofia"]
[Black "Melia, Salome"]
[Result "0-1"]
[BlackTitle "IM"]
[WhiteElo "1936"]
[BlackElo "2387"]
[WhiteTeam "Beer Sheva Chess Club"]
[BlackTeam "Nona"]
[WhiteFideId "4194837"]
[BlackFideId "13602446"]
[EventDate "2018.10.12"]

1. d4 g6 2. c4 Bg7 3. Nc3 c5 4. Nf3 cxd4 5. Nxd4 Nc6 6. e3 Nf6 7. Be2 O-O 8. O-O
d6 9. h3 Bd7 10. Qd2 a5 11. Bf3 a4 12. Rb1 Nxd4 13. exd4 Bf5 14. Ra1 Qb6 15. Qe2
a3 16. Nb5 axb2 17. Bxb2 Bd7 18. a4 Rfe8 19. Rfc1 Bc6 20. c5 Qd8 21. cxd6 exd6
22. Qd3 d5 23. Ra3 Ne4 24. Rca1 Qd7 25. Be2 Nc5 26. Qc2 Nxa4 27. Nc3 Nb6 28.
Rxa8 Rxa8 29. Rxa8+ Nxa8 30. Qd3 Nc7 31. Qe3 Ne6 32. Na2 Bb5 33. Bg4 h5 34. Bf3
Bc4 35. Nc1 Qb5 36. Qd2 Kh7 37. Ne2 Ng5 38. Nf4 Nxf3+ 39. gxf3 Bh6 40. Bc1 Qd7
41. Kg2 Qf5 42. Qe3 b5 43. h4 b4 44. Bd2 b3 45. Bc1 Bxf4 46. Qe1 Bxc1 47. Qxc1
Be2 0-1

[Event "34th ECC Women 2018"]
[Site "Porto Carras GRE"]
[Date "2018.10.12"]
[Round "1.3"]
[Board "1"]
[White "Bodnaruk, Anastasia"]
[Black "Gunina, Valentina"]
[Result "1/2-1/2"]
[WhiteTitle "IM"]
[BlackTitle "GM"]
[WhiteElo "2423"]
[BlackElo "2525"]
[WhiteTeam "SSHOR"]
[BlackTeam "Caissa Italia Pentole Agnelli"]
[WhiteFideId "4181751"]
[BlackFideId "4167570"]
[EventDate "2018.10.12"]

1. e4 c6 2. d4 d5 3. e5 Bf5 4. h4 a6 5. h5 h6 6. g4 Bd7 7. f4 c5 8. c3 e6 9. Nf3
Qb6 10. Kf2 Nc6 11. Kg3 O-O-O 12. Rh2 g6 13. hxg6 fxg6 14. Qd3 cxd4 15. cxd4 g5
16. Nxg5 Nge7 17. Nf7 Rg8 18. Kh3 Nxd4 19. Be3 Nef5 20. gxf5 Bb5 21. Rc2+ Nxc2
22. Qxc2+ Bc5 23. Bxb5 d4 24. Nxd8 Kxd8 25. Ba4 Qc7 26. f6 Qf7 27. Kh4 dxe3 28.
Qxc5 Rg1 29. Qd6+ Kc8 30. Qc5+ Kb8 31. Qd6+ Ka7 32. Qd4+ Ka8 33. Qd8+ Ka7 34.
Qd4+ Ka8 35. Qd8+ Ka7 36. Qe8 Qc7 37. f7 Rh1+ 38. Kg4 Qc4 39. Nc3 Rh4+ 40. Kxh4
Qxf4+ 1/2-1/2

[Event "34th ECC Women 2018"]
[Site "Porto Carras GRE"]
[Date "2018.10.12"]
[Round "1.4"]
[Board "1"]
[White "De Rosa, Mariagrazia"]
[Black "Cramling, Pia"]
[Result "0-1"]
[WhiteTitle "WFM"]
[BlackTitle "GM"]
[WhiteElo "2131"]
[BlackElo "2465"]
[WhiteTeam "Caissa Italia Banca Alpi Marittime"]
[BlackTeam "Cercle d'Echecs de Monte-Carlo"]
[WhiteFideId "815136"]
[BlackFideId "1700030"]
[EventDate "2018.10.12"]

1. e4 c5 2. Nf3 e6 3. d4 cxd4 4. Nxd4 a6 5. Bd3 Bc5 6. Nb3 Be7 7. f4 d6 8. Be3
Nf6 9. Qf3 Qc7 10. N1d2 Nc6 11. g4 h6 12. h4 h5 13. g5 Ng4 14. O-O-O Nb4 15. Kb1
Bd7 16. Bd4 e5 17. Bc3 Nc6 18. Nc4 b5 19. Ne3 Nxe3 20. Qxe3 b4 21. Be1 exf4 22.
Qxf4 g6 23. Rf1 O-O 24. Bc4 Be6 25. Bd5 a5 26. Bg3 a4 27. Nc5 Bxd5 28. exd5 Ne5
29. Ne4 b3 30. cxb3 axb3 31. axb3 Qa7 32. Nc3 Qb7 33. Qd4 Qxb3 34. Bxe5 dxe5 35.
Qxe5 Bb4 36. d6 Bxc3 37. Qxc3 Qa2+ 38. Kc2 Rac8 39. d7 Rxc3+ 40. Kxc3 Rd8 41.
Rf4 Qa5+ 42. Kb3 Rb8+ 43. Kc2 Qc7+ 44. Kb1 Qxf4 45. d8=Q+ Rxd8 46. Rxd8+ Kg7 0-1

[Event "34th ECC Women 2018"]
[Site "Porto Carras GRE"]
[Date "2018.10.12"]
[Round "1.4"]
[Board "2"]
[White "Socko, Monika"]
[Black "Santeramo, Alessia"]
[Result "1-0"]
[WhiteTitle "GM"]
[BlackTitle "WFM"]
[WhiteElo "2451"]
[BlackElo "2054"]
[WhiteTeam "Cercle d'Echecs de Monte-Carlo"]
[BlackTeam "Caissa Italia Banca Alpi Marittime"]
[WhiteFideId "1106619"]
[BlackFideId "850810"]
[EventDate "2018.10.12"]

1. d4 Nf6 2. c4 e6 3. g3 Bb4+ 4. Bd2 Qe7 5. Bg2 Bxd2+ 6. Nxd2 d6 7. e4 e5 8. Ne2
O-O 9. O-O Nbd7 10. Qc2 a5 11. Rae1 Re8 12. h3 Nf8 13. f4 h5 14. Nf3 exd4 15.
Nexd4 Ng6 16. e5 dxe5 17. fxe5 Nh7 18. e6 Nhf8 19. exf7+ Qxf7 20. Ng5 Qd7 21.
Bd5+ Kh8 22. Rxe8 Qxe8 23. Rxf8+ 1-0

[Event "34th ECC Women 2018"]
[Site "Porto Carras GRE"]
[Date "2018.10.12"]
[Round "1.4"]
[Board "3"]
[White "Guerini, Silvia jr"]
[Black "Cornette, Deimante"]
[Result "0-1"]
[BlackTitle "IM"]
[WhiteElo "1977"]
[BlackElo "2462"]
[WhiteTeam "Caissa Italia Banca Alpi Marittime"]
[BlackTeam "Cercle d'Echecs de Monte-Carlo"]
[WhiteFideId "852520"]
[BlackFideId "12802859"]
[EventDate "2018.10.12"]

1. e4 Nf6 2. e5 Nd5 3. d4 d6 4. c4 Nb6 5. exd6 cxd6 6. Nc3 g6 7. Be3 Bg7 8. Rc1
O-O 9. b3 Bf5 10. Be2 d5 11. c5 Nc8 12. Nf3 Nc6 13. O-O Bg4 14. b4 a6 15. Rb1
Bxf3 16. Bxf3 e6 17. a4 N8e7 18. b5 axb5 19. axb5 Na5 20. Be2 Nf5 21. Qd2 h6 22.
Rfd1 Qh4 23. g3 Qe7 24. Rdc1 Rfd8 25. Bf1 e5 26. Ne2 Nc4 27. Qc3 exd4 28. Nxd4
Nfxe3 29. fxe3 Ra3 30. Rb3 Rxb3 31. Qxb3 Nxe3 32. Qd3 Nc4 33. Nb3 Ne5 34. Qe2 d4
35. Bg2 d3 36. Qd2 Qe6 37. Na5 Ng4 38. Rf1 Bd4+ 39. Kh1 Qe2 40. Nb3 Nf2+ 41.
Rxf2 Qxf2 42. Qxf2 Bxf2 43. Bxb7 d2 44. Nxd2 Rxd2 45. c6 Bb6 0-1

[Event "34th ECC Women 2018"]
[Site "Porto Carras GRE"]
[Date "2018.10.12"]
[Round "1.4"]
[Board "4"]
[White "Skripchenko, Almira"]
[Black "Andolfatto, Maria"]
[Result "1/2-1/2"]
[WhiteTitle "IM"]
[WhiteElo "2414"]
[BlackElo "2068"]
[WhiteTeam "Cercle d'Echecs de Monte-Carlo"]
[BlackTeam "Caissa Italia Banca Alpi Marittime"]
[WhiteFideId "13900145"]
[BlackFideId "2800476"]
[EventDate "2018.10.12"]

1. Nf3 d5 2. g3 e6 3. Bg2 Nf6 4. O-O Be7 5. c4 O-O 6. b3 b6 7. Bb2 Bb7 8. Qc2
Nbd7 9. d3 c5 10. e3 Rc8 11. Nbd2 Qc7 12. Rac1 Rfd8 13. a3 a6 14. Qb1 Qb8 15.
Qa1 b5 16. cxd5 Bxd5 17. Rfe1 Qa8 18. h3 Ne8 19. Qb1 Bf6 20. Bxf6 Nexf6 21. d4
Ne4 22. Bf1 cxd4 23. exd4 Nxg3 24. fxg3 Bxf3 25. Nxf3 Qxf3 26. Qd3 Qxd3 27. Bxd3
Nb6 28. Be4 Rxd4 29. Rxc8+ Nxc8 30. Bb7 Nd6 31. Bxa6 Kf8 32. Kf2 Ke7 33. Re5 Rd3
34. Re3 Rxe3 35. Kxe3 Kd7 36. a4 Kc6 37. axb5+ Nxb5 38. b4 Nc7 39. Bd3 h6 40.
Kd4 Nd5 41. Be4 Kb5 42. Bxd5 exd5 43. Kxd5 Kxb4 44. Kd6 Kc4 45. Ke7 f5 46. Ke6
Kd4 47. Kxf5 Ke3 48. Kg6 Kf3 49. Kxg7 Kxg3 50. Kxh6 Kxh3 1/2-1/2

[Event "34th ECC Women 2018"]
[Site "Porto Carras GRE"]
[Date "2018.10.12"]
[Round "1.5"]
[Board "1"]
[White "Heinemann, Josefine"]
[Black "Muzychuk, Mariya"]
[Result "1/2-1/2"]
[WhiteTitle "WIM"]
[BlackTitle "GM"]
[WhiteElo "2308"]
[BlackElo "2533"]
[WhiteTeam "Mulhouse Philidor"]
[BlackTeam "Kyiv Chess federation"]
[WhiteFideId "12900460"]
[BlackFideId "14114550"]
[EventDate "2018.10.12"]

1. e4 c5 2. Nf3 e6 3. d4 cxd4 4. Nxd4 Nf6 5. Nc3 Nc6 6. Ndb5 d6 7. Bf4 e5 8. Bg5
a6 9. Na3 b5 10. Bxf6 gxf6 11. Nd5 Bg7 12. Bd3 Ne7 13. Nxe7 Qxe7 14. O-O O-O 15.
c4 f5 16. Qh5 Rb8 17. exf5 e4 18. Rae1 Bb7 19. f3 bxc4 20. Bxe4 Qf6 21. Kh1 d5
22. Bb1 Rfe8 23. b3 c3 24. Bd3 Bh6 25. Nc2 Bd2 26. Qg4+ Kh8 27. Rxe8+ Rxe8 28.
Qb4 Bc8 29. Qc5 Bxf5 30. Qxd5 Bg6 31. Bxg6 Qxg6 32. Qd4+ Kg8 33. Qg4 Bh6 34.
Qxg6+ fxg6 35. Kg1 Bf8 36. Re1 Rd8 37. Kf1 Rd2 38. Re2 Rd1+ 39. Re1 Rd2 40. Re2
Rd1+ 1/2-1/2

[Event "34th ECC Women 2018"]
[Site "Porto Carras GRE"]
[Date "2018.10.12"]
[Round "1.6"]
[Board "1"]
[White "Mammadzada, Gunay"]
[Black "Injac, Teodora"]
[Result "1/2-1/2"]
[WhiteTitle "IM"]
[BlackTitle "WIM"]
[WhiteElo "2438"]
[BlackElo "2258"]
[WhiteTeam "Odlar Yurdu"]
[BlackTeam "ZSK Maribor"]
[WhiteFideId "13403729"]
[BlackFideId "932400"]
[EventDate "2018.10.12"]

1. e4 c5 2. Nf3 d6 3. d4 cxd4 4. Nxd4 Nf6 5. Nc3 a6 6. Be3 e5 7. Nb3 Be7 8. h3
Be6 9. f4 Nc6 10. f5 Bxb3 11. axb3 d5 12. exd5 Nb4 13. g3 Qc7 14. Bg2 Rd8 15.
O-O Bc5 16. Bxc5 Qxc5+ 17. Kh1 O-O 18. Qe2 Nbxd5 19. Nxd5 Nxd5 20. Rfe1 Nb4 21.
f6 g6 22. c3 Nc6 23. Rad1 a5 24. Kh2 Rfe8 25. Rxd8 Rxd8 26. Rd1 h6 27. Rxd8+
Nxd8 28. Qd2 Qb6 29. Qxh6 Qxf6 30. h4 b6 31. Qd2 Kg7 32. Qd5 Ne6 33. Qd6 Nc5 34.
Qd5 Qe6 35. Qxe6 fxe6 36. Bf1 Nxb3 37. Bc4 Nc5 38. Kg2 Kf6 39. Bb5 e4 40. Kf2
Ke5 41. Ke3 Kf5 42. Be8 Nb7 43. g4+ Kxg4 44. Bxg6 Kxh4 45. Bf7 e5 46. Kxe4 Nd6+
47. Kxe5 Nxf7+ 48. Kd5 a4 49. Kc6 Ne5+ 50. Kxb6 Nc4+ 51. Kb5 Nxb2 52. Kb4 Kg4
53. Ka3 1/2-1/2

[Event "34th ECC Women 2018"]
[Site "Porto Carras GRE"]
[Date "2018.10.13"]
[Round "2.1"]
[Board "1"]
[White "Ushenina, Anna"]
[Black "Muzychuk, Mariya"]
[Result "1/2-1/2"]
[WhiteTitle "GM"]
[BlackTitle "GM"]
[WhiteElo "2451"]
[BlackElo "2533"]
[WhiteTeam "Ugra"]
[BlackTeam "Kyiv Chess federation"]
[WhiteFideId "14110911"]
[BlackFideId "14114550"]
[EventDate "2018.10.12"]

1. d4 d5 2. c4 c6 3. cxd5 cxd5 4. Bg5 Qb6 5. Nc3 e6 6. Qd2 Nc6 7. e3 Bd6 8. Bd3
Nge7 9. Bh4 Bd7 10. Nf3 h6 11. Bg3 Bxg3 12. hxg3 O-O-O 13. Rc1 Kb8 14. Na4 Qb4
15. Nc5 Qxd2+ 16. Kxd2 f6 17. Rc3 e5 18. Rb3 b6 19. Nxd7+ Rxd7 20. Bb5 e4 21.
Ng1 Kb7 22. Ne2 a6 23. Bxc6+ Nxc6 24. Rh5 Rc8 25. Rc3 Ne7 26. Rxc8 Kxc8 27. g4
Kb7 28. f3 exf3 29. gxf3 Nc8 30. Kd3 Kc6 31. Ng3 1/2-1/2

[Event "34th ECC Women 2018"]
[Site "Porto Carras GRE"]
[Date "2018.10.13"]
[Round "2.1"]
[Board "2"]
[White "Zhukova, Natalia"]
[Black "Pogonina, Natalija"]
[Result "0-1"]
[WhiteTitle "GM"]
[BlackTitle "WGM"]
[WhiteElo "2403"]
[BlackElo "2485"]
[WhiteTeam "Kyiv Chess federation"]
[BlackTeam "Ugra"]
[WhiteFideId "14101513"]
[BlackFideId "4147855"]
[EventDate "2018.10.12"]

1. d4 d5 2. c4 e6 3. Nc3 Be7 4. Bf4 Nf6 5. e3 O-O 6. a3 b6 7. cxd5 Nxd5 8. Nxd5
exd5 9. Bd3 c5 10. Ne2 Bb7 11. O-O Nd7 12. Nc3 c4 13. Bc2 a6 14. b3 b5 15. bxc4
bxc4 16. Bxh7+ Kh8 17. Be5 Nxe5 18. Qh5 Ng4 19. Be4+ Nh6 20. Bxd5 Bxd5 21. Nxd5
Bd6 22. g4 f6 23. Rfc1 Rc8 24. Rc3 Rc6 25. Rac1 Qc8 26. f3 Qe6 27. e4 Rfc8 28.
Ne3 R6c7 29. Nd5 Rb7 30. R1c2 Rb3 31. a4 a5 32. Ne3 Rxc3 33. Rxc3 Bf4 34. Qxa5
Qd6 35. Qd5 Bxe3+ 36. Rxe3 Qf4 37. Rc3 Qd2 38. Qb7 Qxd4+ 39. Kg2 Qd2+ 40. Kh3
Qxc3 41. Qxc8+ Kh7 42. Kg3 Qe1+ 43. Kg2 c3 0-1

[Event "34th ECC Women 2018"]
[Site "Porto Carras GRE"]
[Date "2018.10.13"]
[Round "2.1"]
[Board "3"]
[White "Girya, Olga"]
[Black "Osmak, Iulija"]
[Result "1-0"]
[WhiteTitle "WGM"]
[BlackTitle "IM"]
[WhiteElo "2479"]
[BlackElo "2405"]
[WhiteTeam "Ugra"]
[BlackTeam "Kyiv Chess federation"]
[WhiteFideId "4195752"]
[BlackFideId "14101602"]
[EventDate "2018.10.12"]

1. d4 f5 2. g3 Nf6 3. Bg2 g6 4. c3 Bg7 5. Nd2 Nc6 6. Nh3 e6 7. O-O d6 8. e4 fxe4
9. Nxe4 Nxe4 10. Bxe4 O-O 11. Ng5 Ne7 12. f4 d5 13. Bg2 Qd6 14. Be3 Bd7 15. Bf2
b6 16. Re1 Bf6 17. Nf3 Rac8 18. Ne5 Bxe5 19. Rxe5 c5 20. dxc5 bxc5 21. Qd2 Nc6
22. Re2 Nd8 23. b4 Nb7 24. c4 cxb4 25. cxd5 Nd8 26. Bxa7 Bb5 27. Rf2 Bc4 28.
dxe6 Qxd2 29. Rxd2 Bxe6 30. Rd6 b3 31. axb3 Bxb3 32. Rb1 Nf7 33. Rf6 Bc4 34. Rc1
Bb3 35. Rb1 Bc4 36. h3 Rfd8 37. Rc1 Bb3 38. Rxc8 Rxc8 39. Rb6 Bc4 40. Kf2 Rd8
41. Rb4 Bd5 42. Bb6 Rd7 43. Ba5 Bxg2 44. Rb8+ Kg7 45. Bc3+ Kh6 46. Kxg2 Rd3 47.
Bf6 Rd6 48. Be7 Rd2+ 49. Kf3 Kg7 50. Bf8+ Kg8 51. Be7+ Kg7 52. g4 h6 53. Bf8+
Kh7 54. Rb7 Kg8 55. Bc5 Rd5 56. Be3 h5 57. Rb8+ Rd8 58. Rxd8+ Nxd8 59. gxh5 gxh5
60. Ke4 Kf7 61. Kf5 Ne6 62. Bc1 Nd4+ 63. Kg5 Ne2 64. Be3 Ng3 65. Bd4 Ne2 66. Be5
Ke6 67. Bb8 Ng3 68. Kh4 Ne4 69. Kxh5 Kf5 70. Kh4 Nf6 71. Kg3 Nd7 72. Bc7 Nf6 73.
Kf3 Nd5 74. Be5 Ne7 75. Bd6 Nc6 76. h4 Nd4+ 77. Ke3 Nc2+ 78. Kd2 Nd4 79. h5 Nc6
80. Ke3 Nd8 81. h6 Kg6 82. Bf8 Nf7 83. Ke4 Nd8 84. f5+ Kh7 85. Ke5 Nc6+ 86. Kd5
Nd8 87. Kd6 Nf7+ 88. Ke7 Ng5 89. Bg7 Nf7 90. Bf8 Ng5 91. Ke8 Ne4 92. Kd7 Kg8 93.
Ke7 Ng3 94. f6 Nf5+ 95. Ke8 Kh7 96. f7 Nh4 97. Bg7 Ng6 1-0

[Event "34th ECC Women 2018"]
[Site "Porto Carras GRE"]
[Date "2018.10.13"]
[Round "2.1"]
[Board "4"]
[White "Gaponenko, Inna"]
[Black "Guseva, Marina"]
[Result "0-1"]
[WhiteTitle "IM"]
[BlackTitle "IM"]
[WhiteElo "2409"]
[BlackElo "2409"]
[WhiteTeam "Kyiv Chess federation"]
[BlackTeam "Ugra"]
[WhiteFideId "14101181"]
[BlackFideId "4149351"]
[EventDate "2018.10.12"]

1. e4 c6 2. d4 d5 3. e5 Bf5 4. Nf3 e6 5. Be2 Ne7 6. c3 Bg6 7. O-O Nd7 8. Na3 Nf5
9. Nc2 Be7 10. Nfe1 O-O 11. g3 c5 12. Ng2 cxd4 13. cxd4 Rc8 14. Bd3 Nb8 15. g4
Nh4 16. Nxh4 Bxh4 17. f4 Bxd3 18. Qxd3 Be7 19. f5 Nc6 20. Bd2 f6 21. fxe6 fxe5
22. Rxf8+ Bxf8 23. dxe5 Nxe5 24. Qf5 Nxg4 25. Nd4 Nf6 26. Kh1 Bc5 27. Bc3 Qe7
28. Nb3 Bb6 29. Bxf6 Qxf6 30. Qxd5 Re8 31. Re1 Qf2 32. Rc1 Bc7 33. Qg2 Qxg2+ 34.
Kxg2 Be5 35. Nc5 b6 36. Nd3 Rxe6 37. Nxe5 Rxe5 38. Rc7 Re2+ 39. Kg1 a6 40. Ra7
a5 41. b3 Rxa2 42. Ra8+ Kf7 43. Ra7+ Kf8 44. Ra8+ Ke7 45. Ra7+ Kd6 46. Rxg7 Rb2
47. Rxh7 Rxb3 48. h4 a4 49. h5 Kc5 50. Kg2 Re3 51. h6 Re6 52. Rc7+ Kb5 53. h7
Rh6 54. Kf3 a3 55. Ke3 Rh3+ 56. Kd4 a2 57. Ra7 Rxh7 58. Rxa2 Rh4+ 59. Kc3 Rh3+
60. Kd4 Kb4 61. Ra1 b5 62. Rb1+ Rb3 63. Ra1 Rb2 64. Kd3 Kb3 65. Rh1 b4 66. Ra1
Rh2 67. Rb1+ Ka3 68. Rg1 b3 69. Ra1+ Kb2 70. Rg1 Ka2 71. Rg8 b2 72. Ra8+ Kb1 73.
Rc8 Rh7 74. Kd2 Ra7 0-1